Normal view
MARC view
Entry Personal Name
001 - CONTROL NUMBER
- control field: 27930
003 - CONTROL NUMBER IDENTIFIER
- control field: ARRUPE
005 - DATE AND TIME OF LATEST TRANSACTION
- control field: 20161206082927.0
008 - FIXED-LENGTH DATA ELEMENTS
- fixed length control field: 161206|| aca||aabn | a|a d
040 ## - CATALOGING SOURCE
- Original cataloging agency: ARRUPE
- Transcribing agency: ARRUPE
100 ## - HEADING--PERSONAL NAME
- Personal name: Barnard, F. M.
- Fuller form of name: (Frederick M.),
- Relator term: ed.
670 ## - SOURCE DATA FOUND
- Source citation: Work cat.: (ARRUPE)0: Herder, Johann Gottfried, 1744-1803. 18769, J. G. Herder on social and political culture;, 1969.